Regulating the judicial review case load (Record no. 47505)

000 -LEADER
fixed length control field 00436pab a2200181 454500
008 - FIXED-LENGTH DATA ELEMENTS--GENERAL INFORMATION
fixed length control field 180718b2000 xxu||||| |||| 00| 0 eng d
100 ## - MAIN ENTRY--PERSONAL NAME
Personal name Bridges, Lee
245 ## - TITLE STATEMENT
Title Regulating the judicial review case load
260 ## - PUBLICATION, DISTRIBUTION, ETC.
Date of publication, distribution, etc. 2000
300 ## - PHYSICAL DESCRIPTION
Extent p.651-70
362 ## - DATES OF PUBLICATION AND/OR SEQUENTIAL DESIGNATION
Dates of publication and/or sequential designation Winter
650 ## - SUBJECT ADDED ENTRY--TOPICAL TERM
Topical term or geographic name entry element Judiciary - Great Britain
650 ## - SUBJECT ADDED ENTRY--TOPICAL TERM
Topical term or geographic name entry element Judiciary
700 ## - ADDED ENTRY--PERSONAL NAME
Personal name Sunkin, Maurice
700 ## - ADDED ENTRY--PERSONAL NAME
Personal name Meszaros
773 ## - HOST ITEM ENTRY
Main entry heading Public Law
909 ## -
-- 47505
Holdings
Withdrawn status Lost status Damaged status Not for loan Permanent Location Current Location Date acquired Barcode Date last seen Price effective from Koha item type
        Indian Institute of Public Administration Indian Institute of Public Administration 2018-07-19 AR47933 2018-07-19 2018-07-19 Articles

Powered by Koha